• 首页
  • 本馆介绍
  • 公告通知
  • 最新文献
  • 馆藏检索
  • 电子资源
  • 读者导购
  • 参考咨询
  • 我的图书馆
  • 登录
  • 详细信息显示
  • 放入我的书架
  • 预约/预借图书
  • 作者相关作品
  • 分类相关作品
  • 丛书相关作品
  • 出版社相关作品

书目信息

  • 表格格式
  • 工作单格式
  • 卡片格式
题名:
记忆
    
 
作者: 赵静蓉 主编
分册:  
出版信息: 广州   暨南大学出版社  2015.05
页数: 262页
开本: 22cm
丛书名:
单 册:
中图分类: B842.3
科图分类:
主题词: 记忆--研究
电子资源:
ISBN: 978-7-5668-1509-5
000 00966nam0 2200253 450
001 0120141391231
005 20160704085535.57
010    @a978-7-5668-1509-5@dCNY39.80
100    @a20151110d2015 em y0chiy50 ea
101 0  @achi
102    @aCN@b440000
105    @ay z 000yy
106    @ar
200 1  @a记忆@9ji yi@dMemory@f赵静蓉主编@zeng
210    @a广州@c暨南大学出版社@d2015.05
215    @a262页@d22cm
330    @a本书分为记忆的公共问答、记忆的互文、记忆理论的个体想象3部分,主要包括:问题一:我们常说集体记忆,你认为是否有国家层面上的记忆(或称国家记忆)?如果有,中国记忆的主要特质是什么?就你的研究领域来看,怎样区分不同的国家记忆或国族记忆?遗忘的意义是什么?在个体的层面上和集体的层面上,你是怎样理解遗忘的正当性或必要性的等。
333    @a一般读者
510 1  @aMemory@zeng
606 0  @a记忆@x研究
690    @aB842.3@v5
701  0 @a赵静蓉@9zhao jing rong@4主编
801  0 @aCN@b人天书店@c20151110
905    @b880180-85@dB842.3@e1363@f6
    
    记忆=Memory/赵静蓉主编.-广州:暨南大学出版社,2015.05
    262页;22cm
    使用对象:一般读者
    
    ISBN 978-7-5668-1509-5:CNY39.80
    本书分为记忆的公共问答、记忆的互文、记忆理论的个体想象3部分,主要包括:问题一:我们常说集体记忆,你认为是否有国家层面上的记忆(或称国家记忆)?如果有,中国记忆的主要特质是什么?就你的研究领域来看,怎样区分不同的国家记忆或国族记忆?遗忘的意义是什么?在个体的层面上和集体的层面上,你是怎样理解遗忘的正当性或必要性的等。
●
相关链接 在E读中查询图书 在五车中查询图书 在当当中查询图书 在豆瓣中查询图书


正题名:记忆     索取号:B842.3/1363         预约/预借

序号 登录号 条形码 馆藏地/架位号 状态 备注
1 880180   208801803   第一样本阅览室/ [索取号:B842.3/1363] 在馆    
2 880181   208801812   教育系资料室/ [索取号:B842.3/1363] 在馆    
3 880182   208801821   教育系资料室/ [索取号:B842.3/1363] 在馆    
4 880183   208801830   教育系资料室/ [索取号:B842.3/1363] 在馆    
5 880184   208801849   第一借阅区/ [索取号:B842.3/1363] 在馆    
6 880185   208801858   第一借阅区/ [索取号:B842.3/1363] 在馆    
唐山师范学院图书馆 欢迎您!
大连网信软件有限公司© 版权所有